عرض عادي
عرض مارك
- العلاقات الاقتصادية
دخول Topical Term
001 - CONTROL NUMBER
- control field: 28086
003 - CONTROL NUMBER IDENTIFIER
- control field: AE-AdECS
005 - DATE AND TIME OF LATEST TRANSACTION
- control field: 20260326135414.0
008 - FIXED-LENGTH DATA ELEMENTS
- fixed length control field: 260326|| aca||aabn | a|a d
040 ## - CATALOGING SOURCE
- Original cataloging agency: AE-AdECS
- Transcribing agency: AE-AdECS
150 ## - HEADING--TOPICAL TERM
- Topical term or geographic name entry element: العلاقات الاقتصادية
- General subdivision: أمريكية صينية
670 ## - SOURCE DATA FOUND
- Source citation: Work cat.: (AE-AdECS)294601: منكاش، زينب عبد الله مؤلف. 28083, العلاقات الأمريكية الصينية بعد الحرب الباردة :
